Statystyki dla Imiona skoczków narciarskich

Kliknij tutaj aby rozwiązać quiz!

Ogólne statystyki

  • Ten quiz został rozwiązany 141 razy
  • Średni wynik to 36 z 65

Statystyki odpowiedzi

NazwiskoImię% Poprawnych
StochKamil
100%
ŻyłaPiotr
97%
Prevc(najstarszy)Peter
93%
WolnyJakub
90%
GeigerKarl
90%
LeyheStephan
89%
KraftStefan
88%
HulaStefan
88%
ZajcTimi
88%
ZniszczołAleksander
85%
AmmannSimon
84%
MurańkaKlemens
81%
EisenbichlerMarkus
81%
KoudelkaRoman
81%
HayboeckMichael
79%
KasaiNoriaki
77%
Prevc(najmłodszy)Domen
76%
WąsekPaweł
76%
PaschkePius
72%
DeschwandenGregor
71%
FettnerManuel
71%
Kobayashi(młodszy)Ryoyu
70%
LanisekAnze
69%
AaltoAntti
68%
HoerlJan
67%
TschofenigDaniel
66%
LindvikMarius
66%
JelarZiga
65%
JohanssonRobert
62%
Prevc(średni)Cene
61%
GranerudHalvor Egner
61%
PeierKillian
61%
TandeDaniel Andre
59%
NakamuraNaoki
59%
Kobayashi(starszy)Junshiro
57%
KosLovro
54%
ZografskiVladimir
54%
PavlovcicBor
50%
ForfangJohann Andre
50%
SatoYukiya
50%
KytosahoNiko
49%
InsamAlex
46%
PeterDominik
46%
BartolTilen
45%
AigroArtti
43%
MaltsevKevin
37%
SiegelDavid
35%
SatoKeiichi
35%
NousiainenEetu
31%
TkachenkoSergey
30%
SadreevDanil
29%
VillumstadFredrik
29%
RydlRadek
24%
MankovIlya
22%
KlimovEvgeniy
20%
LearoydJonathan
20%
MarusiakYevhen
19%
MuminovSabirzhan
18%
FeldoreanAndrei
17%
CacinaDaniel Andrei
17%
HazetdinovIlmir
17%
KalinichenkoVitaliy
15%
KorchukAnton
13%
ChoiHueng Chul
13%
VaskulAndrii
5%

Rozkład punktacji

Percentyl według liczby udzielonych odpowiedzi

Procent ludzi z każdym wynikiem

Twoja historia wyników

Nie rozwiązałeś tego quizu